Land mobile radio systems /

Bibliographic Details
Other Authors: Holbeche, R. J.
Format: Book
Language:English
Published: London, UK : P. Peregrinus on behalf of the Institution of Electrical Engineers, [1985]
Series:IEE telecommunications series ; 14.
Subjects:

MARC

Tag First Indicator Second Indicator Subfields
LEADER 00000cam a2200000 a 4500
001 in00000419913
005 20151012062054.0
008 860227s1985 enka b 00100 eng
010 |a  86124363  
020 |a 0863410499 
035 |a (OCoLC)13525841 
035 |9 ABV6943AM 
039 0 |a 2  |b 3  |c 3  |d 3  |e 3 
040 |a DLC  |c DLC  |d TXA  |d UtOrBLW 
049 |a TXAM  |c [A09665202] 
050 0 0 |a TK6570.M6  |b L27 1985 
082 0 |a 621.3841/65  |2 19 
245 0 0 |a Land mobile radio systems /  |c edited by R.J. Holbeche. 
264 1 |a London, UK :  |b P. Peregrinus on behalf of the Institution of Electrical Engineers,  |c [1985] 
264 4 |c ©1985 
300 |a 229 pages :  |b illustrations ;  |c 24 cm. 
336 |a text  |b txt  |2 rdacontent 
337 |a unmediated  |b n  |2 rdamedia 
338 |a volume  |b nc  |2 rdacarrier 
490 1 |a IEE telecommunications series ;  |v 14 
504 |a Includes bibliographies and index. 
650 0 |a Mobile communication systems. 
700 1 |a Holbeche, R. J. 
830 0 |a IEE telecommunications series ;  |v 14. 
999 |a MARS 
999 f f |s 521c6e8b-4538-3abc-86ba-9a85d220b2e2  |i 845c4108-297f-34dd-9c0d-8fe37bde7648  |t 0 
952 f f |p ric  |a Texas A&M University  |b Rellis Campus  |c Joint Library Facility  |d Remote Storage  |t 0  |e TK6570.M6 L27 1985  |h Library of Congress classification  |i unmediated -- volume  |m A14809665202 
998 f f |a TK6570.M6 L27 1985  |t 0  |l Remote Storage